Normal view
MARC view
Entry Topical Term
001 - CONTROL NUMBER
- control field: 32538
003 - CONTROL NUMBER IDENTIFIER
- control field: OSt
005 - DATE AND TIME OF LATEST TRANSACTION
- control field: 20211105135526.0
008 - FIXED-LENGTH DATA ELEMENTS
- fixed length control field: 211105|| aca||aabn | a|a d
040 ## - CATALOGING SOURCE
- Original cataloging agency: OSt
- Transcribing agency: OSt
150 ## - HEADING--TOPICAL TERM
- Topical term or geographic name entry element: Two thousand and eight nanjing gamma-ray burst conferene
670 ## - SOURCE DATA FOUND
- Source citation: Work cat.: (OSt): 2008 Nanjing Gamma-Ray Burst Conference Nanjing 2008 June 23-37 32536, 2008 Nanjing gamma-ray burst Conference, 2008